| 000 | 00571nam a22001577a 4500 | ||
|---|---|---|---|
| 999 |
_c533468 _d533468 |
||
| 020 | _qHard Cvoer. | ||
| 082 | _a624.15 | ||
| 100 | _aMuhammad Asif. | ||
| 245 |
_aComparative analysis of as built support design with finite element modelling of nahakki pass tunnel in mohmand agency / _cMuhammad Asif. |
||
| 260 |
_aIslamabad : _bNICE - NUST, _c2015. |
||
| 300 |
_axv, 139 p. ill. ; _c30cm. |
||
| 942 |
_2ddc _cTHE |
||
| 650 |
_aMS Thesis Geotechnical Engineering _927373 |
||
| 700 |
_aDr. S. Muhammad Jamil. _919531 |
||